Desposesión. Lo performativo en lo político.

Guardat en:
Dades bibliogràfiques
Autor principal: Butler, Judith (autora)
Altres autors: Athanasiou, Athena (autora), Bogado, Fernando (traducción)
Format: Desconegut
Idioma:anglès
Publicat: Santiago, Chile: Paidós, 2022.
Edició:1a. edición.
Matèries:
Etiquetes: Afegir etiqueta
Sense etiquetes, Sigues el primer a etiquetar aquest registre!

MARC

LEADER 00000 a2200000 4500
003 CL-VaPUC
005 20240104160137.0
008 231221t2022 ||||| |||| 00| 0 eng d
999 |c 442588  |d 442586 
020 |a 978-956-6195-04-7 
040 |c Pontificia Universidad Católica de Valparaíso 
082 |2 22  |a 302.542 BUT 2022 
100 |a Butler, Judith  |e autora  |9 886164 
245 |a Desposesión.  |b Lo performativo en lo político. 
250 |a 1a. edición. 
260 |a Santiago, Chile:  |b Paidós,  |c 2022. 
300 |a 220 páginas. 
583 |k GC  |c 20231221 
650 0 |9 886777  |a Desposesión  |v Análisis conceptual   |x Aspectos filosóficos, políticos y sociales  
650 0 |9 376480  |a Relaciones sociales  |x Formas de interacción  |x Análisis político y filosófico 
700 |9 886775  |a Athanasiou, Athena   |e autora 
700 |9 886776  |a Bogado, Fernando   |e traducción 
942 |2 ddc  |c BK 
952 |0 0  |1 0  |2 ddc  |4 0  |6 302_542000000000000_BUT_2022  |7 0  |8 A  |9 592978  |a BIBGIM  |b BIBGIM  |c GEN  |d 2023-12-20  |e 189  |g 13125.00  |i 5659902  |l 3  |m 3  |o 302.542 BUT 2022  |p 5659902  |r 2025-03-03  |s 2025-01-22  |t 1  |v 13125.00  |w 2023-12-20  |y BK  |k SSL